Statistisches Jahrbuch der Deutschen Demokratischen Republik 1983
Guardado en:
| Formato: | Libro |
|---|---|
| Lenguaje: | alemán |
| Publicado: |
Berlin
Staatsverlag der DDR
1983
|
| Etiquetas: |
Sin Etiquetas, Sea el primero en etiquetar este registro!
|
MARC
| LEADER | 00000nam a2200000 4500 | ||
|---|---|---|---|
| 001 | c115810 | ||
| 005 | 20250704104716.9 | ||
| 041 | 0 | |a ger | |
| 044 | |a DE | ||
| 245 | 1 | 0 | |a Statistisches Jahrbuch der Deutschen Demokratischen Republik 1983 |
| 264 | 1 | |a Berlin |b Staatsverlag der DDR |c 1983 | |
| 300 | |a 416 s. | ||